000 00583nam a2200205Ia 4500
003 GCL
008 140319s9999 xx 000 0 ara d
040 _aGCL /
_cGCL
082 0 4 _a923.3
_bع ض
100 1 _aعثمان احمد عثمان
245 1 0 _aصفحات من تجربتى /
_cعثمان احمد عثمان
260 _a[S.N] :
_bالمكتب المصرى الحديث
300 _a648 ص
490 _a
650 0 4 _aمصر
650 0 4 _aالتراجم
650 0 4 _aالاحوال الاقتصادية
650 0 4 _aرجال الاعمال
942 _2ddc
_cBK
999 _c34437
_d34437